| 000 | 00397 a2200145 4500 | ||
|---|---|---|---|
| 005 | 20250411150155.0 | ||
| 020 | _a0-08-024061-5 | ||
| 082 | _a657.024 HAR | ||
| 100 | _aHARTLEY, W. C. F. | ||
| 245 | _aAn Introduction to Business Accounting for Managers | ||
| 250 | _a3rd Ed. | ||
| 260 |
_aNew York, _bPergamon Press, _c1980. |
||
| 300 |
_axiv, 221p.: ill.; table. _bIndex. _c22cm. |
||
| 942 |
_2ddc _cBKS |
||
| 999 |
_c1318 _d1318 |
||